Քրդերը Տաճկաց-Հայաստանում : (Record no. 541389)
[ view plain ]
| 000 -LEADER | |
|---|---|
| fixed length control field | 02074nam a2200289 a 4500 |
| 003 - CONTROL NUMBER IDENTIFIER | |
| control field | AM-YEHGA |
| 005 - DATE AND TIME OF LATEST TRANSACTION | |
| control field | 20260309164101.0 |
| 008 - FIXED-LENGTH DATA ELEMENTS--GENERAL INFORMATION | |
| fixed length control field | 260205s1905 ru gr 000 0 arm d |
| 040 ## - CATALOGING SOURCE | |
| Original cataloging agency | AM-YeHGA |
| 041 0# - LANGUAGE CODE | |
| Language code of text/sound track or separate title | arm |
| 001 - CONTROL NUMBER | |
| control field | 2048099 |
| 100 1# - MAIN ENTRY--PERSONAL NAME | |
| Personal name | Արամյան, Հմայակ Հայրապետի, |
| Dates associated with a name | 1878-1919 |
| 9 (RLIN) | 770 |
| 245 10 - TITLE STATEMENT | |
| Title | Քրդերը Տաճկաց-Հայաստանում : |
| Remainder of title | (Ազգագրական նիւթեր) / |
| Statement of responsibility, etc. | Մ.Տ. Շւոտ. |
| 260 ## - PUBLICATION, DISTRIBUTION, ETC. | |
| Place of publication, distribution, etc. | Ս.-Պետերբուրգ : |
| Name of publisher, distributor, etc. | տպ. Պուշկինեան, |
| Date of publication, distribution, etc. | 1905. |
| 300 ## - PHYSICAL DESCRIPTION | |
| Extent | (6 գիրք մեկ կազմի մեջ) ; հատոր ; |
| Dimensions | 15 սմ. |
| 500 ## - GENERAL NOTE | |
| General note | Շարվածքը՝ 12X6 սմ: |
| 500 ## - GENERAL NOTE | |
| General note | Տիտղոսաթերթին՝ զարդ: |
| 500 ## - GENERAL NOTE | |
| General note | Ալիգ 6 |
| 501 ## - WITH NOTE | |
| With note | Մեկ կազմի մեջ՝ Հնչակ : (Զատկական նւԷր Տ-ցի գաղթականներին) / Մ.Տ. Շւոտ։ Ս.-Պետերբուրգ: տպ. Պուշկինեան։ 1905։ - Սլիգ 1 ; Քիւրտ Պէկ : Գծեր հայ-քրդական կեանքէն / Մ.Տ. Շւոտ։ Ս.-Պետերբուրգ: «Պուշկինյան արագատիպ» Տպարան։ 1904։ - Սլիգ 2 ; Արամը : (Գծեր հայ-քրդական կեանքէն) / Մ.Տ. Շւոտ։ Ս. Պետերբուրգ: Պուշկինեան Տպարան։ 1905։ - Ալիգ 3 ; Քիւրտ Պէկ : Անաստուածները ։ Գծեր հայ-քրդական կեանքէն (Գ․ հատորիկ) / Մ.Տ. Շւոտ։ Բարիզ: Ա. հ.։ 1903։ - Ալիգ 4 ; Քիւրտ Պէկ : Անաստուածները ։ Գծեր հայ-քրդական կեանքէն (Գ․ հատորիկ) / Մ.Տ. Շւոտ։ Բարիզ: Ա. հ.։ 1903։ - Ալիգ 4 ; Մերձեցում : Անուրջներ / Մ.Տ. Շւոտ։ Բարիզ: Ա. հ.։ 1903։ - Ալիգ 5 |
| 504 ## - BIBLIOGRAPHY, ETC. NOTE | |
| Bibliography, etc. note | Մատենագիտ. տողատ. ծանոթ. |
| 505 10 - FORMATTED CONTENTS NOTE | |
| Miscellaneous information | Հ. Ա (1905, 218, III էջ) |
| 650 14 - SUBJECT ADDED ENTRY--TOPICAL TERM | |
| Topical term or geographic name entry element | Հայոց պատմություն |
| 650 14 - SUBJECT ADDED ENTRY--TOPICAL TERM | |
| Topical term or geographic name entry element | Ազգագրություն |
| 9 (RLIN) | 5627 |
| 651 #4 - SUBJECT ADDED ENTRY--GEOGRAPHIC NAME | |
| Geographic name | Սանկտ Պետերբուրգ |
| 9 (RLIN) | 8369 |
| 651 #4 - SUBJECT ADDED ENTRY--GEOGRAPHIC NAME | |
| Geographic name | Ռուսաստան |
| 942 ## - ADDED ENTRY ELEMENTS (KOHA) | |
| Source of classification or shelving scheme | Universal Decimal Classification |
| Koha item type | Գրքեր / Books |
No items available.
ՀՀ Գիտությունների ազգային ակադեմիայի հիմնարար գիտական գրադարան = Fundamental Scientific Library of NAS RA
All site content, except where otherwise noted, is licensed under a